History of the American economy / (Record no. 14049)

000 -LEADER
fixed length control field 01002cam a22003134a 4500
001 - CONTROL NUMBER
control field 13397093
005 - DATE AND TIME OF LATEST TRANSACTION
control field 20170105102846.0
008 - FIXED-LENGTH DATA ELEMENTS--GENERAL INFORMATION
fixed length control field 031106s2005 ohua b 001 0 eng
010 ## - LIBRARY OF CONGRESS CONTROL NUMBER
LC control number 2003115115
020 ## - INTERNATIONAL STANDARD BOOK NUMBER
International Standard Book Number 0324259697 (Pkg.)
020 ## - INTERNATIONAL STANDARD BOOK NUMBER
International Standard Book Number 0324226365 (Text)
035 ## - SYSTEM CONTROL NUMBER
System control number (DLC) 2003115115
040 ## - CATALOGING SOURCE
Original cataloging agency DLC
Transcribing agency DLC
Modifying agency DLC
042 ## - AUTHENTICATION CODE
Authentication code pcc
043 ## - GEOGRAPHIC AREA CODE
Geographic area code n-us---
050 00 - LIBRARY OF CONGRESS CALL NUMBER
Classification number HC103
Item number .W34 2005
082 00 - DEWEY DECIMAL CLASSIFICATION NUMBER
Classification number 330.973
Edition number 22
100 1# - MAIN ENTRY--PERSONAL NAME
Personal name Walton, Gary M.
245 10 - TITLE STATEMENT
Title History of the American economy /
Statement of responsibility, etc. Gary M. Walton, Hugh Rockoff.
250 ## - EDITION STATEMENT
Edition statement 10th ed.
260 ## - PUBLICATION, DISTRIBUTION, ETC.
Place of publication, distribution, etc. Mason, Ohio :
Name of publisher, distributor, etc. Thomson/South-Western,
Date of publication, distribution, etc. c2005.
300 ## - PHYSICAL DESCRIPTION
Extent xvii, 622 p. :
Other physical details ill. ;
Dimensions 27 cm.
504 ## - BIBLIOGRAPHY, ETC. NOTE
Bibliography, etc. note Includes bibliographical references and index.
651 #0 - SUBJECT ADDED ENTRY--GEOGRAPHIC NAME
Geographic name United States
General subdivision Economic conditions.
700 1# - ADDED ENTRY--PERSONAL NAME
Personal name Rockoff, Hugh.
906 ## - LOCAL DATA ELEMENT F, LDF (RLIN)
a 7
b cbc
c orignew
d 3
e epcn
f 20
g y-gencatlg
942 ## - ADDED ENTRY ELEMENTS (KOHA)
Source of classification or shelving scheme
Koha item type Book
Holdings
Withdrawn status Lost status Damaged status Not for loan Collection code Permanent Location Current Location Shelving location Date acquired Total Checkouts Full call number Barcode Date last seen Price effective from Koha item type
          Centre for International Peace & Stability (CIPS) Centre for International Peace & Stability (CIPS) General Stacks 08/15/2013   330.973 WAL 2005 CIPS0000657 08/15/2013 08/15/2013 Book
© 2023 Central Library, National University of Sciences and Technology. All Rights Reserved.